Integrating Gender and Inclusive Perspectives in Education/ (Record no. 178656)

MARC details
000 -LEADER
fixed length control field 00776nam a22002057a 4500
005 - DATE AND TIME OF LATEST TRANSACTION
control field 20210409122142.0
010 ## - LCCN (DPL NO)
LC control number ENG-129421
020 ## - INTERNATIONAL STANDARD BOOK NUMBER
Terms of availability 195.00
International Standard Book Number 978-93-88016-13-1
035 ## - SYSTEM CONTROL NUMBER
System control number EN-112953
037 ## - SOURCE OF ACQUISITION
Source of stock number/acquisition DBAD/PUB
082 ## - DEWEY DECIMAL CLASSIFICATION NUMBER
Classification number 370.82
100 ## - MAIN ENTRY--PERSONAL NAME
Personal name K. Sridevi
245 ## - TITLE STATEMENT
Title Integrating Gender and Inclusive Perspectives in Education/
Remainder of title K. Sridevi, K. Srinivas Reddy and S. Radhika
260 ## - PUBLICATION, DISTRIBUTION, ETC. (IMPRINT)
Place of publication, distribution, etc New Delhi
Name of publisher, distributor, etc Neelkamal Publications
Date of publication, distribution, etc 2019
270 ## - ADDRESS
Address 4764/1, 23, Ansari Road, Daryaganj
City New Delhi
Postal code 110002
Telephone number 011-23244237, 98118-28953
Electronic mail address neelkamalbooks@gmail.com
300 ## - PHYSICAL DESCRIPTION
Extent ix190p.
Dimensions 24cm(pbk)
Other physical details including illustrations, bibliographical references and index
700 ## - ADDED ENTRY--PERSONAL NAME
Personal name Reddy, K. Srinivas
700 ## - ADDED ENTRY--PERSONAL NAME
Personal name S. Radhika
942 ## - ADDED ENTRY ELEMENTS (KOHA)
Source of classification or shelving scheme Dewey Decimal Classification
Item type English Books
Classification part 370.82
Call number suffix KSR
Holdings
Withdrawn status Lost status Not for loan Collection code Home library Current library Date acquired Source of acquisition Cost, normal purchase price Full call number Barcode Copy number Cost, replacement price Koha item type
      Non-fiction Bawana Bawana 09/04/2021 DBAD/PUB 195.00 370.82 KSR EN-112953 1 195.00 English Books

© Delhi Public Library
Hit Counter
free hit counter